Современные строительные материалы и архитектурно-строительные системы зданий. Ч. 1: Современные строительные материалы для частей зданий (Запись № 10995664)

Подробности
000 -МАРКЕР
контрольное поле 02574nam2a2200301 4500
001 - ИДЕНТИФИКАТОР ЗАПИСИ
контрольное поле RU\NLR\BIBL_A\011623321
005 - ИДЕНТИФИКАТОР ВЕРСИИ
контрольное поле 20180226105352.0
010 ## - МЕЖДУНАРОДНЫЙ СТАНДАРТНЫЙ НОМЕР КНИГИ (ISBN)
Номер (ISBN) 978-5-9227-0671-1
010 ## - МЕЖДУНАРОДНЫЙ СТАНДАРТНЫЙ НОМЕР КНИГИ (ISBN)
Номер (ISBN) 978-5-9227-0672-8
Тираж 300
021 ## - НОМЕР ГОСУДАРСТВЕННОЙ РЕГИСТРАЦИИ
Код страны Российская Федерация
Номер КН-П-18-000877
Номер Листа государственной регистраци КН-П-18-0058
035 ## - ДРУГИЕ СИСТЕМНЫЕ НОМЕРА
Идентификатор записи (NLR Aleph) 011623321
035 ## - ДРУГИЕ СИСТЕМНЫЕ НОМЕРА
Идентификатор записи (RuMoRGB)009515426
100 ## - ДАННЫЕ ОБЩЕЙ ОБРАБОТКИ
Данные общей обработки 20180207d2016 u y0rusy50 ca
101 0# - ЯЗЫК РЕСУРСА
Язык текста, звукозаписи и т.д. русский
102 ## - СТРАНА ПУБЛИКАЦИИ ИЛИ ПРОИЗВОДСТВА
Страна публикации Российская Федерация
105 ## - ПОЛЕ КОДИРОВАННЫХ ДАННЫХ: ТЕКСТОВЫЕ МАТЕРИАЛЫ, МОНОГРАФИЧЕСКИЕ
Кодированные данные о монографическом текстовом документе a|||z|||000zy
200 1# - ЗАГЛАВИЕ И СВЕДЕНИЯ ОБ ОТВЕТСТВЕННОСТИ
Основное заглавие Современные строительные материалы для частей зданий
210 ## - ПУБЛИКАЦИЯ, РАСПРОСТРАНЕНИЕ И ДР.
Дата издания, распространения и т.д. 2016
215 ## - ФИЗИЧЕСКАЯ ХАРАКТЕРИСТИКА
Специфическое обозначение материала и объем 153, [1] с.
Другие сведения о физической характеристике ил., цв. ил.
320 ## - ПРИМЕЧАНИЯ О НАЛИЧИИ В ДОКУМЕНТЕ БИБЛИОГРАФИИ / УКАЗАТЕЛЯ
Текст примечания Библиогр.: с. 149 (15 назв.) и в тексте
461 #0 - УРОВЕНЬ НАБОРА
Встроенное поле 001RU\NLR\BIBL_A\011636898
-- 2001#$aСовременные строительные материалы и архитектурно-строительные системы зданий$eучебное пособие$e[для студентов и магистрантов высших учебных заведений архитектурно-строительного профиля$eв 2 ч.]$fЮ.М. Тихонов, С.Г. Головина, А.Ф. Шарапенко$gМинистерство образования и науки Российской Федерации, Санкт-Петербургский государственный архитектурно-строительный университет$vЧ. 1
-- 700#1$aТихонов$bЮ. М.$gЮрий Михайлович$f1941-$cд-р техн. наук$3RU\NLR\AUTH\770126992
Системный номер (АБИС) связанной записи 11059022
Автор Тихонов, Ю. М. (д-р техн. наук ; 1941-)
Место публикации Санкт-Петербург
Дата публикации 2016
Первые сведения об ответственности Ю.М. Тихонов, С.Г. Головина, А.Ф. Шарапенко
Имя издателя, распространителя и т.д. Санкт-Петербургский государственный архитектурно-строительный университет
Сведения, относящиеся к заглавию учебное пособие : [для студентов и магистрантов высших учебных заведений архитектурно-строительного профиля : в 2 ч.]
Заглавие Современные строительные материалы и архитектурно-строительные системы зданий
Номер тома Ч. 1
606 1# - НАИМЕНОВАНИЕ ТЕМЫ КАК ПРЕДМЕТ
Наименование темы Части зданий
Формальный подзаголовок Учебные издания для высших учебных заведений
Системный номер авторитетной/нормативной записи 1064538
Идентификатор авторитетной/нормативной записи RU\NLR\AUTH\6695204
942 ## - ДОПОЛНИТЕЛЬНЫЕ ЭЛЕМЕНТЫ ЗАПИСИ (АБИС)
Тип экземпляра АБИС Книга
980 ## - КОЛЛЕКЦИЯ
Название коллекции НБР
980 ## - КОЛЛЕКЦИЯ
Название коллекции Национальная библиография

Нет доступных экземпляров.